000 00413nam a2200169 a 4500
001 0000-8821
003 ELIB.Books
008 110520 1975
035 _a(ELIB.Books)0000-8967
082 _a220
_bVa
100 _aVan Ness, Bethann F.
245 _aThis is My Bible
260 _bTennessee: Convention Press
_c1975
650 _aBible
942 _2ddc
_cBK
998 _cbat
_e2011-05-20
999 _c8821
_d8821